Los primeros correos aéreos en Chile: 1919-1928

Saved in:
Bibliografiske detaljer
Hovedforfatter: Lemus Lemus, Freddy (Author)
Format: Bog
Sprog:spansk
Udgivet: Viña del Mar Ediciones Altazor 2000
Serier:Historia en Imágenes
Fag:
Tags: Tilføj Tag
Ingen Tags, Vær først til at tagge denne postø!

MARC

LEADER 00000cam a2200000 a 4500
001 UCF3256
003 CL-VaPUC
008 121004e20000000CL |||||||||||||||||spa|d
020 |a 9567472181 
082 0 4 |a 383  |b LEM  |2 21 
100 |a Lemus Lemus, Freddy  |e author  |9 831194 
245 1 4 |a Los primeros correos aéreos en Chile: 1919-1928 
300 |a 31 p 
942 |c BK 
945 |d 20121004 00:00:00  |a dcastane 
260 |a Viña del Mar  |b Ediciones Altazor  |c 2000 
650 7 |a CORREO  |2 CL-VaPUC  |9 509867 
650 7 |a CORREO AEREO CHILENO  |2 CL-VaPUC  |9 460956 
650 0 |a Historia de Chile  |9 265473 
583 |a last modification  |c 20121004 18:42:00  |k Rodrigo Vera 
490 0 |a Historia en Imágenes 
999 |c 349718  |d 349716 
952 |0 0  |1 0  |4 0  |6 383_000000000000000_LEM_2000  |7 0  |8 A  |9 452472  |a BIBING  |b BIBING  |d 2019-11-22  |i 4911598  |o 383 LEM 2000  |p 4911598  |r 2025-01-20  |w 2019-11-22  |y BK  |k CUI